Die 100 ersten Harry-Potter-Charaktere - Statistiken

Allgemein
  • Dieses Quiz wurde 201 mal gespielt
  • Das Durchschnittsergebnis liegt bei 38 aus 100
Antwortstatistiken
# Hinweis Antwort % Korrekt
5 Namensgebende Hauptfigur Harry Potter
100%
8 Schulleiter von Hogwarts Albus Dumbledore
90%
2 Tante von #5 Petunia Dursley
90%
4 Mutter von #5 Lily Potter
89%
1 Onkel von #5 Vernon Dursley
89%
3 Cousin von #5 Dudley Dursley
88%
14 Wildhüter von Hogwarts, Halbriese Rubeus Hagrid
87%
11 Erzfeind von #5, früher Tom Riddle Voldemort
87%
15 Pate von #5, „Tatze“ Sirius Black
85%
13 Vater von #5, „Krone“ James Potter
84%
9 Hauslehrerin von Gryffindor Minerva McGonagall
79%
49 Bester Freund von #5 Ron Weasley
77%
47 Bruder von #49, Zwilling, F Fred Weasley
74%
48 Bruder von #49, Zwilling, G George Weasley
73%
67 Beste Freundin von #5, spätere Ehefrau von #49 Hermine Granger
73%
45 Schwester von #49, spätere Ehefrau von #5 Ginny Weasley
71%
51 Tötet in Teil 7 Nagini Neville Longbottom
71%
97 Hauslehrer von Slytherin Severus Snape
71%
71 Slytherin, versucht #8 umzubringen, Feind von #5 Draco Malfoy
70%
46 Bruder von #49, Vertrauensschüler Percy Weasley
70%
68 Vater von #49 Arthur Weasley
69%
44 Mutter von #49 Molly Weasley
69%
72 Vater von #71, Todesser Lucius Malfoy
68%
53 Bruder von #49, Angesteller bei Gringotts Bill Weasley
66%
54 Bruder von #49, Drachenwärter Charlie Weasley
66%
43 Eule von #5 Hedwig
66%
55 tarnt sich als „Krätze“ (die Ratte von #49), „Wurmschwanz“ Peter Pettigrew
61%
42 Hersteller von Zauberstäben Garrick Ollivander
60%
98 Hausmeister von Hogwarts, Squib Argus Filch
58%
70 Freund von #71 Gregory Goyle
58%
12 Krankenschwester von Hogwarts Poppy Pomfrey
56%
69 Freund von #71, zerstört Rowena Ravenclaws Diadem Vincent Crabbe
55%
27 Zaubereiminister Cornelius Fudge
53%
58 früherer Erzfeind und Geliebter von #8 Gellert Grindelwald
52%
75 Poltergeist in Hogwarts Peeves
52%
100 Porträt vor dem Zugang zum Gryffindor-Gemeinschaftsraum Fette Dame
51%
88 Ravenclaw-Schülerin, Zwillingsschwester von #89 Padma Patil
48%
59 Erfinder des Stein des Weisen Nicolas Flamel
47%
73 Kröte von #51 Trevor
47%
89 Gryffindor-Schülerin, Zwillingsschwester von #88 Parvati Patil
46%
17 Nachbarin von #1, #2 und #3, Squib Arabella Figg
45%
38 Lehrer für Verteidigung gegen die dunklen Künste (1. Jahr) Quirinus Quirrell
45%
99 Lehrerin für Besenflug, Quidditch-Schiedsrichterin Rolanda Hooch
45%
83 Gryffindor-Schüler, Ire, Halbblut Seamus Finnigan
44%
50 Großmutter von #51 Augusta Longbottom
43%
80 Gryffindor-Schülerin, Freundin von #49 in Teil 6 Lavender Brown
42%
36 Besitzer der Kneipe „Zum tropfenden Kessel“ Tom
40%
52 Quidditch-Kommentator in Hogwarts Lee Jordan
39%
94 Hausgeist von Slytherin Blutiger Baron
38%
34 Autor von „Phantastische Tierwesen und wo sie zu finden sind“ Newt Scamander
38%
76 Hufflepuff-Schülerin, H***** A***** Hannah Abbott
37%
16 Schwester von #1 Magdalene Dursley
37%
87 Slytherin-Schülerin, P**** P******** Pansy Parkinson
36%
92 Slytherin-Schüler, B***** Z***** Blaise Zabini
34%
39 Angestellter bei Gringotts, Kobold Griphook
34%
77 Hufflepuff-Schülerin, S**** B**** Susan Bones
33%
95 Großonkel von #51 Algie Longbottom
31%
96 Großtante von #51 Enid Longbottom
30%
74 Hausgeist von Hufflepuff Fetter Mönch
30%
29 Autorin von „Geschichte der Zauberei“ Bathilda Bagshot
24%
82 Hufflepuff-Schüler, wird in Teil 2 vom Basilisk versteinert Justin Finch-Fletchley
23%
40 Inhaberin eines Modegeschäfts Malkin
22%
65 Schokofroschkarten-Figur, M***** Merlin
20%
81 Slytherin-Schülerin, M******** B******** Millicent Bulstrode
20%
78 Ravenclaw-Schüler, T**** B*** Terry Boot
20%
86 Slytherin-Schüler, T******* N*** Theodore Nott
20%
10 Zauberer aus Kent, Vorliebe für Feuerwerk Dädalus Diggel
18%
23 Bester Freund von #3 Piers Polkiss
15%
28 Autorin von „Lehrbuch der Zaubersprüche, Band 1“ Miranda Habicht
12%
93 Hausgeist von Gryffindor (voller Name, ohne Sir) Nicholas de Mimsy-Porpington
12%
22 Freundin von #2, Yvonne
10%
56 Schokofroschkarten-Figur, A****** Agrippa
9%
37 Hexe in der Kneipe „Zum tropfenden Kessel“ Doris Crockford
9%
25 Freund von #3, M****** Malcolm
9%
30 Autor von „Theorie der Magie“ Adalbert Schwahfel
8%
26 Freund von #3, G***** Gordon
8%
63 Schokofroschkarten-Figur, C**** Circe
7%
60 Schokofroschkarten-Figur, M****** Morgana
7%
57 Schokofroschkarten-Figur, P******** Ptolemäus
7%
18 Katze von #17, T*****s Tibbles
7%
21 Katze von #17, T***y Tuffy
7%
24 Freund von #3, D***** Dennis
6%
6 Wettermoderator Jim McGuffin
6%
84 Ravenclaw-Schülerin, M**** McD***** Morag McDougal
6%
90 Schülerin, S****-A*** P**** Sally-Anne Perks
6%
19 Katze von #17, S***y Snowy
6%
7 Nachrichtensprecher Ted
6%
91 Ravenclaw-Schülerin, L*** T***** Lisa Turpin
4%
79 Ravenclaw-Schülerin, M**** B*********** Mandy Brocklehurst
4%
64 Schokofroschkarten-Figur, P********* Paracelsus
4%
33 Autor von „Zaubertränke und Zauberbräue“ Arsenius Bunsen
3%
85 Schülerin, M*** Moon
2%
20 Katze von #17, P***y Putty
2%
66 Schokofroschkarten-Figur, C****** Cliodna
1%
31 Autor von „Verwandlungen für den Anfänger“ Emeric Wendel
1%
61 Schokofroschkarten-Figur, H***** v** W******** Hengis von Woodcroft
1%
32 Autorin von „Tausend Zauberkräuter und -pilze“ Phyllida Spore
1%
35 Autor von „Dunkle Kräfte. Ein Kurs zur Selbstverteidigung“ Quirin Sumo
1%
41 Autor von „Flüche und Gegenflüche“ Vindictus Viridian
1%
62 Schokofroschkarten-Figur, A******* G******* Alberich Grunnion
0%
Keine übereinstimmenden Quizze gefunden
Verteilung der Resultate
Anzahl Personen mit jedem Resultat
Perzentil nach korrekt beantworteten Fragen
Ihre Resultats-Entwicklung
Sie haben dieses Quiz noch nicht gespielt